00964nam a2200397Ia 4500008004000000020001500040041000800055082001700063100002100080245016300101260004300264300000800307440000700315650001000322650000800332650001000340650001600350650000700366650001200373650001000385650001700395650001300412650001100425650000700436650001200443650001800455650000900473650001100482650001000493650001000503650001100513650001600524650001200540650000800552650000600560210210b2009 xxu||||| |||| 00| 0 eng d a8121209978 aeng a915.403 SESE aSESHAGIRI (N) Ed aEncyclopaedia of cities and towns in India: Vol XXVIIbAndaman Nicobar Islands, Chandigarh, Dadra & Nagar Haveli, Daman & Diu, Delhi, Lakshadweep, Pandicherry aNew DelhibGyan publishing housec2009 a413 a27 aXXVII aVol atowns aPandicherry aof aNicobar aNagar aLakshadweep, aIslands, aIndia: ain aHaveli, aEncyclopaedia aDiu, aDelhi, aDaman aDadra acities aChandigarh, aAndaman aand a&